Ema a její kouzelná zoo. Neposedná surikata /
Další příběh Emy, která s maminkou bydlí v ZOO a rozumí řeči zvířat.
Uloženo v:
| Série: | Ema a její kouzelná zoo,
část 9 |
|---|---|
| Hlavní autor: | |
| Další autoři: | |
| Médium: | E-kniha |
| Jazyk: | Czech |
| Vydáno: |
V Praze :
Fragment,
2021
|
| Vydání: | 1. vydání |
| Témata: | |
| Příbuzné jednotky: | Z cyklu::
Ema a její kouzelná zoo |
| Tagy: |
Žádné tagy |
| LEADER | 02461nam a2200517 i 4500 | ||
|---|---|---|---|
| 001 | 311397 | ||
| 003 | CZ PrSKC | ||
| 005 | 20260601215704.0 | ||
| 007 | ta | ||
| 008 | 210921s2021 xr a b 000 j cze | ||
| 015 | |a cnb003353416 | ||
| 020 | |a 9788025352731 |q (vázáno) : |c Kč 169,00 | ||
| 035 | |a (OCoLC)1288053183 | ||
| 035 | |a (OCoLC)1291384461 | ||
| 040 | |a ABG001 |b cze |d BOA001 |d ABA001 |e rda | ||
| 041 | 1 | |a cze |h eng | |
| 072 | 7 | |a 821.111-3 |x Anglická próza, anglicky psaná |2 Konspekt | |
| 072 | 7 | |a 821-93 |x Literatura pro děti a mládež (beletrie) |2 Konspekt | |
| 080 | |a 821.111-32 |2 MRF | ||
| 080 | |a 821-93 |2 MRF | ||
| 080 | |a (0:82-32) |2 MRF | ||
| 100 | 1 | |a Cobb, Amelia |7 xx0217911 |4 aut | |
| 240 | 1 | 0 | |a Messy meerkat. |l Česky |
| 245 | 1 | 0 | |a Ema a její kouzelná zoo. |p Neposedná surikata / |c Amelia Cobb ; z anglického originálu Zoe's rescue zoo - The messy meerkat přeložila Eva Brožová |
| 246 | 3 | 0 | |a Neposedná surikata |
| 250 | |a 1. vydání | ||
| 264 | 1 | |a V Praze : |b Fragment, |c 2021 | |
| 300 | |a 111 stran : |b ilustrace ; |c 20 cm | ||
| 336 | |a text |b txt |2 rdacontent | ||
| 337 | |a bez média |b n |2 rdamedia | ||
| 338 | |a svazek |b nc |2 rdacarrier | ||
| 520 | 2 | |a Další příběh Emy, která s maminkou bydlí v ZOO a rozumí řeči zvířat. |b Surikatí kluk Max je pěkný neposeda. Spíš než péče o sourozence a pomoc rodičům ho zajímají lumpárny. Když svým zlobením ohrozí hladký průběh honby za pokladem, kterou v ZOO chystají, Emě dojde trpělivost. Nakladatelská anotace. Kráceno. | |
| 521 | 8 | |a Pro děti od 7 let | |
| 655 | 7 | |a anglické příběhy |7 fd131813 |2 czenas | |
| 655 | 7 | |a publikace pro děti |7 fd133156 |2 czenas | |
| 655 | 9 | |a English stories |2 eczenas | |
| 655 | 9 | |a children's literature |2 eczenas | |
| 700 | 1 | |a Brožová, Eva |7 jn20010309864 |4 trl | |
| 765 | 1 | |t Zoe's rescue zoo | |
| 787 | 0 | 8 | |i Z cyklu: |t Ema a její kouzelná zoo |g 9 |
| 900 | |a ABA001 |b 20 | ||
| 928 | 9 | |a Albatros Media - Fragment | |
| 044 | |a xr | ||
| 910 | |a RBIT002 | ||
| 998 | |d 334524 |a https://core.palmknihy.cz/api/books/334524/cover?si6n5i |b https://core.palmknihy.cz/api/books/334524/cover/400?si6n5i |c https://core.palmknihy.cz/api/books/334524/cover/50?si6n5i |e 2028-04-30 |g 112 |i 9788025352731 |j https://core.palmknihy.cz/api/books/334524/preview.epub |k https://core.palmknihy.cz/api/books/334524/preview.pdf |l |q 49 |r 1 |s https://www.palmknihy.cz/kniha/334524 |t ebook |y 2021 |z 0 |v Ema a její kouzelná zoo |w 9 | ||
| 999 | |d 311395 | ||